История культуры Китая: учебное пособие

Xehetasun bibliografikoak
Egile nagusia: Кравцова М. Е. Марина Евгеньевна
Gaia:Предлагаемое учебное пособие — первая на русском языке книга, в которой дается полная картина истории развития и состояния культуры Китая от глубокой древности до наших дней и во всех образующих ее традициях и духовных ценностях. На страницах этой книги рассматриваются и объясняются возникновение, сущность и главные отличительные особенности китайских представлений о мире и человеке, верований, культов, философских учений, политической и художественной культуры, поведенческих принципов личности. Написанное на материале оригинальных (китайских) источников, авторитетной отечественной и зарубежной научной литературы и с учетом новейших теоретико-методологических установок, предлагаемое учебное пособие носит фундаментальный, энциклопедический характер. Оно рассчитано на самый широкий круг читателей, является необходимым изданием для составления любых общегуманитарных лекционных курсов (по истории цивилизации, мировой художественной культуры, философии, религий и т. д.), читаемых в высших и средних учебных заведениях, а также для подготовки к указанным курсам и для написания учебных работ (рефератов, курсовых и дипломных сочинений). М. Е. Кравцова — ученый-китаевед, автор многочисленных научных публикаций, доктор филологических наук, старший научный сотрудник Института востоковедения РАН, преподаватель в вузах Санкт-Петербурга.
Hizkuntza:errusiera
Argitaratua: СПб., Лань, 2003
Edizioa:3-е изд., испр. и доп.
Saila:Мир культуры, истории и философии
Gaiak:
Formatua: Liburua
KOHA link:https://koha.lib.tpu.ru/cgi-bin/koha/opac-detail.pl?biblionumber=105724

MARC

LEADER 00000nam0a2200000 4500
001 105724
005 20231101214628.0
010 |a 5811400632 
035 |a (RuTPU)RU\TPU\book\114080 
090 |a 105724 
100 |a 20061121d2003 m y0rusy50 ca 
101 0 |a rus 
102 |a RU 
105 |a a j 001zy 
200 1 |a История культуры Китая  |e учебное пособие  |f М. Е. Кравцова 
205 |a 3-е изд., испр. и доп. 
210 |a СПб.  |c Лань  |d 2003 
215 |a 416 с.  |c ил. 
225 1 |a Мир культуры, истории и философии 
320 |a Библиогр.: с. 389-397. 
330 |a Предлагаемое учебное пособие — первая на русском языке книга, в которой дается полная картина истории развития и состояния культуры Китая от глубокой древности до наших дней и во всех образующих ее традициях и духовных ценностях. На страницах этой книги рассматриваются и объясняются возникновение, сущность и главные отличительные особенности китайских представлений о мире и человеке, верований, культов, философских учений, политической и художественной культуры, поведенческих принципов личности. Написанное на материале оригинальных (китайских) источников, авторитетной отечественной и зарубежной научной литературы и с учетом новейших теоретико-методологических установок, предлагаемое учебное пособие носит фундаментальный, энциклопедический характер. Оно рассчитано на самый широкий круг читателей, является необходимым изданием для составления любых общегуманитарных лекционных курсов (по истории цивилизации, мировой художественной культуры, философии, религий и т. д.), читаемых в высших и средних учебных заведениях, а также для подготовки к указанным курсам и для написания учебных работ (рефератов, курсовых и дипломных сочинений). М. Е. Кравцова — ученый-китаевед, автор многочисленных научных публикаций, доктор филологических наук, старший научный сотрудник Института востоковедения РАН, преподаватель в вузах Санкт-Петербурга. 
451 1 |0 (RuTPU)RU\TPU\book\207413  |y 978-5-91938-024-5  |t История культуры Китая  |o учебное пособие  |f М. Е. Кравцова  |c СПб.  |n Планета музыки  |d 2011  |n Лань  |p 416 с.  |a Кравцова, Марина Евгеньевна 
451 1 |0 (RuTPU)RU\TPU\book\10431  |y 978-5-8114-0063-8  |t История культуры Китая  |o учебное пособие  |f М. Е. Кравцова  |c СПб.  |n Лань  |d 1999  |p 416 с.  |s Мир культуры, истории и философии  |a Кравцова, Марина Евгеньевна 
451 |y 5811400632 
606 1 |a Китай  |x Культура  |x История  |2 stltpush  |3 (RuTPU)RU\TPU\subj\69079  |9 84075 
610 1 |a культура 
610 1 |a история 
610 1 |a Китай 
610 1 |a теория 
610 1 |a китайская цивилизация 
610 1 |a Древний мир 
610 1 |a средние века 
610 1 |a новое время 
610 1 |a 20 век 
610 1 |a мифы 
610 1 |a вероучение 
610 1 |a даосизм 
610 1 |a буддизм 
610 1 |a семья 
610 1 |a традиции 
610 1 |a художественная культура 
610 1 |a письменность 
610 1 |a изобразительное искусство 
610 1 |a живопись 
610 1 |a декоративно-прикладное искусство 
610 1 |a ремесла 
610 1 |a учебные пособия 
686 |a Т3(5Кит)-7я73  |2 rubbk 
700 1 |a Кравцова  |b М. Е.  |g Марина Евгеньевна 
801 1 |a RU  |b 63413507  |c 20061121  |g PSBO 
801 2 |a RU  |b 63413507  |c 20150430  |g PSBO 
900 |a Культура, литература и религия Азиатско-Тихоокеанского региона 
900 |a История Китая 
942 |c BK 
959 |a 96/20061120  |d 2  |e 99,97  |f АНЛ:1  |f ЧЗГЛ:1